[Event "17ème open international de Saint-Affriq"]
[Site "Saint Affrique"]
[Date "2009.07.18"]
[Round "1.1"]
[White "Degraeve, Jean-Marc"]
[Black "Coucoureux, Michel"]
[Result "1-0"]
[WhiteElo "2559"]
[BlackElo "1840"]
[PlyCount "57"]
[EventDate "2009.??.??"]

1. e4 e5 2. Nf3 Nc6 3. Bc4 Bc5 4. c3 Nf6 5. d3 h6 6. Nbd2 d6 7. Nf1 Na5 8. Bb5+
c6 9. Ba4 b5 10. Bc2 Bb6 11. Ng3 Bc7 12. O-O O-O 13. d4 Rb8 14. b3 Re8 15. h3
c5 16. d5 c4 17. b4 Nb7 18. a4 a6 19. a5 Kh7 20. Nh2 Nxa5 21. bxa5 Bxa5 22. Qf3
Bc7 23. Ng4 Nxg4 24. hxg4 a5 25. g5 Rf8 26. Nf5 Bxf5 27. exf5 g6 28. fxg6+ fxg6
29. Qh5 1-0

[Event "17ème open international de Saint-Affriq"]
[Site "Saint Affrique"]
[Date "2009.07.18"]
[Round "1.2"]
[White "Mounier, Michel"]
[Black "Riff, Jean-Noel"]
[Result "0-1"]
[WhiteElo "1839"]
[BlackElo "2505"]
[PlyCount "63"]
[EventDate "2009.??.??"]

1. e4 c5 2. c3 d5 3. e5 Nc6 4. d4 Bf5 5. Be3 Qb6 6. b3 e6 7. Nf3 cxd4 8. Nxd4
Nxd4 9. Bxd4 Qc6 10. a4 a6 11. Na3 Bxa3 12. Rxa3 Ne7 13. Be2 Qd7 14. O-O Nc6
15. Re1 Rc8 16. b4 Nxd4 17. Qxd4 O-O 18. Rc1 Qe7 19. Raa1 Rc7 20. Qd2 Re8 21.
Qb2 Qg5 22. g3 Be4 23. f3 Qe3+ 24. Kg2 Bg6 25. Ra3 Qxe5 26. b5 a5 27. Kf2 h6
28. b6 Rc5 29. Rb3 Qd6 30. Qd2 e5 31. Rd1 Qc6 32. Rc1 0-1

[Event "17ème open international de Saint-Affriq"]
[Site "Saint Affrique"]
[Date "2009.07.18"]
[Round "1.3"]
[White "Gozzoli, Yannick"]
[Black "Mathieu, Paul"]
[Result "1-0"]
[WhiteElo "2498"]
[BlackElo "1838"]
[PlyCount "61"]
[EventDate "2009.??.??"]

1. d4 f5 2. g3 Nf6 3. Bg2 e6 4. c4 c6 5. Nh3 d5 6. Qc2 Na6 7. O-O Be7 8. b3 O-O
9. Nf4 Qe8 10. Nd2 Ne4 11. Nf3 Nb4 12. Qd1 g5 13. Nd3 f4 14. gxf4 Nxd3 15. exd3
g4 16. dxe4 gxf3 17. Bxf3 Kh8 18. e5 Rg8+ 19. Kh1 Bh4 20. Be3 Bd7 21. f5 dxc4
22. bxc4 exf5 23. d5 cxd5 24. Qd4 Qf8 25. e6+ Bf6 26. exd7 Qg7 27. Qd1 d4 28.
Bf4 Qxd7 29. Rb1 Qd8 30. Qd3 Qa5 31. Rxb7 1-0

[Event "17ème open international de Saint-Affriq"]
[Site "Saint Affrique"]
[Date "2009.07.18"]
[Round "1.4"]
[White "Castin, Alexandre"]
[Black "Karpatchev, Aleksandr"]
[Result "0-1"]
[WhiteElo "1836"]
[BlackElo "2491"]
[PlyCount "66"]
[EventDate "2009.??.??"]

1. e4 e5 2. Nf3 Nc6 3. Bb5 a6 4. Ba4 Nf6 5. O-O b5 6. Bb3 Bc5 7. c3 d6 8. d3
O-O 9. h3 h6 10. Re1 Re8 11. Nbd2 Bb6 12. Nf1 Na5 13. Bc2 c5 14. Ng3 Nc6 15.
Nh2 Ne7 16. Nhf1 d5 17. Ne3 d4 18. cxd4 exd4 19. Ng4 Nxg4 20. hxg4 Bc7 21. Nf5
Nxf5 22. gxf5 Qh4 23. Qf3 Bb7 24. g3 Qf6 25. Qg4 c4 26. Kg2 Re5 27. Kf1 Rae8
28. Bf4 R5e7 29. Ke2 Bxe4 30. dxe4 d3+ 31. Bxd3 cxd3+ 32. Kxd3 Qxb2 33. Bxh6
Qa3+ 0-1

[Event "17ème open international de Saint-Affriq"]
[Site "Saint Affrique"]
[Date "2009.07.18"]
[Round "1.5"]
[White "Flear, Glenn C"]
[Black "Hadamard, Olivier"]
[Result "1-0"]
[WhiteElo "2490"]
[BlackElo "1834"]
[PlyCount "53"]
[EventDate "2009.??.??"]

1. d4 Nf6 2. c4 e6 3. Nc3 Bb4 4. Qc2 d5 5. cxd5 exd5 6. Bg5 h6 7. Bxf6 Qxf6 8.
a3 Bxc3+ 9. Qxc3 c6 10. e3 Bf5 11. Nf3 O-O 12. Be2 Nd7 13. b4 Rfe8 14. O-O g5
15. Rfc1 a6 16. a4 Rac8 17. Qa3 Bg4 18. h3 Bh5 19. Ra2 Qe7 20. Qb2 f5 21. b5
axb5 22. axb5 c5 23. dxc5 Rxc5 24. Rxc5 Qxc5 25. Qb1 f4 26. Nxg5 fxe3 27. Qh7+
1-0

[Event "17ème open international de Saint-Affriq"]
[Site "Saint Affrique"]
[Date "2009.07.18"]
[Round "1.6"]
[White "Berard, Jean-Claude"]
[Black "Petkov, Vladimir"]
[Result "0-1"]
[WhiteElo "1831"]
[BlackElo "2429"]
[PlyCount "84"]
[EventDate "2009.??.??"]

1. e4 c5 2. f4 d5 3. exd5 Nf6 4. c4 e6 5. dxe6 Bxe6 6. Nc3 Nc6 7. Nf3 Bd6 8. d3
O-O 9. Be2 Qb8 10. g3 Re8 11. O-O Bh3 12. Re1 h6 13. Bd2 Bg4 14. Kg2 Qc8 15.
Ng1 Bf5 16. Nb5 Bf8 17. Bc3 a6 18. Na3 Nb4 19. Nc2 Rxe2+ 20. Rxe2 Bxd3 21. Bxb4
Bxe2 22. Qxe2 cxb4 23. b3 b5 24. h3 bxc4 25. bxc4 Qc6+ 26. Nf3 Rc8 27. Ne3 Qe4
28. Re1 Re8 29. Qc2 Qc6 30. Qd3 Re4 31. Nd5 Rxc4 32. Nxf6+ gxf6 33. Re3 Rc3 34.
Qe4 Rc2+ 35. Kf1 Qb5+ 36. Qd3 Qxd3+ 37. Rxd3 Rxa2 38. Nd4 a5 39. Ke1 a4 40. Kd1
b3 41. Kc1 Rh2 42. g4 Ba3+ 0-1

[Event "17ème open international de Saint-Affriq"]
[Site "Saint Affrique"]
[Date "2009.07.18"]
[Round "1.7"]
[White "Bujisho, Benjamin"]
[Black "Boulier, Rene"]
[Result "1-0"]
[WhiteElo "2404"]
[BlackElo "1830"]
[PlyCount "79"]
[EventDate "2009.??.??"]

1. d4 Nf6 2. c4 c5 3. d5 b5 4. cxb5 a6 5. bxa6 Bxa6 6. Nc3 d6 7. g3 g6 8. Bg2
Bg7 9. Nf3 Nbd7 10. O-O O-O 11. Rb1 Ng4 12. Qc2 Qc7 13. b3 Bxc3 14. Qxc3 Bxe2
15. Re1 Bxf3 16. Qxf3 Nde5 17. Qe2 Qa7 18. h3 Nf6 19. a3 Rfe8 20. Bb2 Ned7 21.
Qd2 Nh5 22. Kh2 f6 23. Re3 Ng7 24. g4 g5 25. Rf1 Nf8 26. f4 h6 27. Be4 Kf7 28.
Ref3 Kg8 29. Bc2 Qa5 30. Qd3 Qa6 31. Qe4 Qc8 32. fxg5 hxg5 33. h4 gxh4 34. g5
f5 35. Qxh4 e5 36. dxe6 Qxe6 37. Bxf5 Qd5 38. Bd3 Ng6 39. Bxg6 Re2+ 40. Kg1 1-0

[Event "17ème open international de Saint-Affriq"]
[Site "Saint Affrique"]
[Date "2009.07.18"]
[Round "1.8"]
[White "Fabre, Philippe"]
[Black "David, Vincent"]
[Result "0-1"]
[WhiteElo "1829"]
[BlackElo "2399"]
[PlyCount "28"]
[EventDate "2009.??.??"]

1. e4 e6 2. d4 d5 3. Nc3 Nf6 4. e5 Nfd7 5. f4 c5 6. Nf3 Nc6 7. Be3 a6 8. Qd2 b5
9. O-O-O c4 10. Kb1 b4 11. Na4 c3 12. bxc3 Qa5 13. Nc5 Bxc5 14. dxc5 bxc3 0-1

[Event "17ème open international de Saint-Affriq"]
[Site "Saint Affrique"]
[Date "2009.07.18"]
[Round "1.9"]
[White "Lagarde, Maxime"]
[Black "Rinie, Jean-Jacques"]
[Result "1-0"]
[WhiteElo "2352"]
[BlackElo "1815"]
[PlyCount "49"]
[EventDate "2009.??.??"]

1. e4 c5 2. Nf3 d6 3. d4 cxd4 4. Nxd4 Nf6 5. Nc3 a6 6. h3 e6 7. g4 h6 8. Bg2
Nc6 9. Nde2 Qc7 10. O-O Be7 11. Ng3 O-O 12. f4 b5 13. Be3 Bb7 14. h4 Rac8 15.
g5 hxg5 16. hxg5 Nd7 17. Nf5 exf5 18. Nd5 Qd8 19. exf5 Re8 20. Qh5 Nf8 21. Rf3
g6 22. Qh6 gxf5 23. Nf6+ Bxf6 24. gxf6 Ne6 25. Rg3+ 1-0

[Event "17ème open international de Saint-Affriq"]
[Site "Saint Affrique"]
[Date "2009.07.18"]
[Round "1.10"]
[White "Thuret, Marine"]
[Black "Boudre, Jean-Pierre"]
[Result "0-1"]
[WhiteElo "1802"]
[BlackElo "2337"]
[Annotator ",Joelle"]
[PlyCount "46"]
[EventDate "2009.??.??"]

1. e4 c5 2. Nc3 a6 3. g3 b5 4. Bg2 Bb7 5. d3 e6 6. f4 d5 7. e5 Nh6 8. Nf3 Be7
9. O-O Nc6 10. h3 Nf5 11. g4 Ng3 12. Re1 h5 13. g5 Nf5 14. Ne2 Qb6 15. c3 d4
16. a4 O-O-O 17. axb5 axb5 18. Qc2 dxc3 19. bxc3 Rxd3 {#} 20. Qa2 c4+ 21. Kh2
Rxf3 22. Bxf3 Qf2+ 23. Bg2 Nb4 0-1

[Event "17ème open international de Saint-Affriq"]
[Site "Saint Affrique"]
[Date "2009.07.18"]
[Round "1.12"]
[White "Macon, Arthur"]
[Black "Crut, Aurelien"]
[Result "1-0"]
[WhiteElo "1791"]
[BlackElo "2335"]
[Annotator ",Joelle"]
[PlyCount "59"]
[EventDate "2009.??.??"]

1. d4 d5 2. c4 e6 3. Nc3 c6 4. Nf3 Nf6 5. Bg5 Nbd7 6. e3 Qa5 7. cxd5 Nxd5 8.
Rc1 Bb4 9. Qb3 c5 10. Bd3 h6 11. Bh4 cxd4 12. Nxd4 O-O 13. Bb1 N7f6 14. O-O
Bxc3 $6 15. bxc3 e5 16. Nf3 Be6 17. c4 Nb6 18. Bxf6 gxf6 19. Nh4 Rfc8 20. Qc2
Kf8 21. Qh7 Ke7 22. Rfd1 Nd7 23. Bf5 Nf8 24. Qg7 Qa6 25. Bxe6 Qxe6 26. e4 Rd8
27. Nf5+ Ke8 28. Qg3 Qxc4 29. Ng7+ Ke7 30. Qa3+ 1-0

[Event "17ème open international de Saint-Affriq"]
[Site "Saint Affrique"]
[Date "2009.07.18"]
[Round "1.13"]
[White "Garrido, Denis"]
[Black "Schegerin, Andre"]
[Result "1-0"]
[WhiteElo "2321"]
[BlackElo "1785"]
[PlyCount "103"]
[EventDate "2009.??.??"]

1. d4 f5 2. g3 Nf6 3. Bg2 g6 4. c3 c6 5. Nf3 Bg7 6. Qb3 Qb6 7. Nbd2 d5 8. Ne5
Ne4 9. Ndf3 Nd7 10. Bf4 Ndf6 11. O-O Nh5 12. Qa3 Nxf4 13. gxf4 Bxe5 14. Nxe5
Nd6 15. b3 Be6 16. e3 O-O 17. Rfc1 Qd8 18. c4 Ne4 19. Rc2 Bf7 20. Kh1 e6 21.
Bxe4 fxe4 22. Rg1 Be8 23. Rg3 Rf5 24. Qb4 Rb8 25. f3 exf3 26. Nxf3 Rh5 27. Rcg2
b6 28. Rg5 Rxg5 29. Rxg5 Rb7 30. Ne5 Rg7 31. Ng4 h5 32. Ne5 a5 33. Qa3 dxc4 34.
bxc4 b5 35. Qd3 bxc4 36. Nxc4 a4 37. Qe4 Qe7 38. a3 Qd8 39. Kg1 Qc7 40. Qc2 c5
41. Rxc5 Qe7 42. Rg5 Qc7 43. Rc5 Qe7 44. Qf2 Kh7 45. h4 Rf7 46. Ne5 Rg7 47. Nf3
Bd7 48. Qc2 Qd6 49. Ng5+ Kh8 50. Rc8+ Bxc8 51. Qxc8+ Rg8 52. Nf7+ 1-0

[Event "17ème open international de Saint-Affriq"]
[Site "Saint Affrique"]
[Date "2009.07.18"]
[Round "1.15"]
[White "Mohota, Nisha"]
[Black "Alonso, Audrey"]
[Result "1-0"]
[WhiteElo "2315"]
[BlackElo "1775"]
[PlyCount "67"]
[EventDate "2009.??.??"]

1. d4 Nf6 2. Nf3 d5 3. c4 e6 4. Nc3 Nbd7 5. cxd5 exd5 6. Bg5 c6 7. e3 h6 8. Bf4
Nb6 9. Qc2 Bd6 10. Bxd6 Qxd6 11. Ne5 Be6 12. f4 Rc8 13. Be2 O-O 14. O-O a6 15.
f5 Bd7 16. b4 Rfe8 17. a3 Nh7 18. Bh5 Re7 19. Qf2 Rce8 20. Qg3 Nc4 21. Nxc4
Qxg3 22. hxg3 dxc4 23. e4 Nf6 24. Bf3 Nh7 25. e5 Rd8 26. Be2 Bc8 27. Rad1 b5
28. Bh5 Kh8 29. Be2 a5 30. Ne4 axb4 31. axb4 Bb7 32. Nd6 Kg8 33. Ra1 Ra8 34.
Nxb7 1-0

[Event "17ème open international de Saint-Affriq"]
[Site "Saint Affrique"]
[Date "2009.07.19"]
[Round "2.1"]
[White "Bassier, Jerome"]
[Black "Degraeve, Jean-Marc"]
[Result "0-1"]
[WhiteElo "2041"]
[BlackElo "2559"]
[PlyCount "58"]
[EventDate "2009.??.??"]

1. e4 b6 2. d4 Bb7 3. Bd3 Nf6 4. f3 Nc6 5. c3 e5 6. d5 Ne7 7. Ne2 Ng6 8. Be3 h5
9. Nd2 h4 10. Nc4 c6 11. dxc6 dxc6 12. Qc2 Nh5 13. O-O-O Qf6 14. Kb1 Ngf4 15.
Nxf4 Nxf4 16. g3 hxg3 17. hxg3 Rxh1 18. Rxh1 Nxd3 19. Qxd3 Rd8 20. Qe2 Ba6 21.
Rh5 Qe6 22. Nd6+ Qxd6 23. Qxa6 Qd3+ 24. Qxd3 Rxd3 25. Rxe5+ Kd7 26. Bf4 Rxf3
27. Rf5 f6 28. Bb8 Rxf5 29. exf5 Bd6 0-1

[Event "17ème open international de Saint-Affriq"]
[Site "Saint Affrique"]
[Date "2009.07.19"]
[Round "2.2"]
[White "Riff, Jean-Noel"]
[Black "Carre, Sylvain"]
[Result "1-0"]
[WhiteElo "2505"]
[BlackElo "2044"]
[PlyCount "47"]
[EventDate "2009.??.??"]

1. e4 e5 2. Nf3 Nf6 3. Nxe5 d6 4. Nc4 Nxe4 5. Nc3 Nxc3 6. bxc3 Be7 7. d4 O-O 8.
Bd3 Re8 9. O-O Bf6 10. Ne3 c5 11. Nd5 Nc6 12. Be3 Be6 13. Nxf6+ Qxf6 14. Rb1
Rab8 15. Bb5 a6 16. Be2 Bf5 17. Rb6 d5 18. Bf3 Be4 19. Bxe4 Rxe4 20. dxc5 Qxc3
21. Qxd5 Ree8 22. Qb3 Nd4 23. Bxd4 Qxd4 24. c6 1-0

[Event "17ème open international de Saint-Affriq"]
[Site "Saint Affrique"]
[Date "2009.07.19"]
[Round "2.3"]
[White "Gertosio, Franck"]
[Black "Gozzoli, Yannick"]
[Result "1/2-1/2"]
[WhiteElo "2038"]
[BlackElo "2498"]
[PlyCount "101"]
[EventDate "2009.??.??"]

1. e4 c5 2. Nf3 Nc6 3. d4 cxd4 4. Nxd4 e5 5. Nb5 d6 6. g3 f5 7. Bg2 Be7 8. O-O
Nf6 9. N1c3 O-O 10. Bg5 a6 11. Bxf6 Rxf6 12. Na3 f4 13. Nd5 Rg6 14. Nc4 Bg4 15.
Qd3 b5 16. Nd2 Rc8 17. c3 Bg5 18. Nf3 Be6 19. a4 Ne7 20. axb5 axb5 21. Qxb5
Nxd5 22. exd5 Bd7 23. Qe2 fxg3 24. hxg3 Qb6 25. Nxg5 Rxg5 26. Qe3 Qxe3 27. fxe3
Rxg3 28. Rf3 Rg5 29. Ra4 e4 30. Rf2 Bh3 31. Kh2 Bxg2 32. Rxg2 Rxg2+ 33. Kxg2
Rc5 34. Kg3 Rxd5 35. Kf4 Re5 36. c4 h5 37. Ra6 g5+ 38. Kg3 Rf5 39. Rxd6 Kf7 40.
b4 Rf3+ 41. Kg2 Rxe3 42. c5 Rd3 43. Rh6 Rd2+ 44. Kg1 Rb2 45. Rxh5 Kg6 46. Rh3
Rxb4 47. Rc3 Rb7 48. c6 Rc7 49. Kf2 Kf5 50. Ke3 Ke5 51. Rc5+ 1/2-1/2

[Event "17ème open international de Saint-Affriq"]
[Site "Saint Affrique"]
[Date "2009.07.19"]
[Round "2.4"]
[White "Karpatchev, Aleksandr"]
[Black "Dardenne, Bertrand"]
[Result "1-0"]
[WhiteElo "2491"]
[BlackElo "2041"]
[PlyCount "49"]
[EventDate "2009.??.??"]

1. e4 Nf6 2. e5 Nd5 3. d4 d6 4. c4 Nb6 5. f4 dxe5 6. fxe5 Bf5 7. Nc3 Nc6 8. Be3
e6 9. Nf3 Be7 10. d5 exd5 11. cxd5 Nb4 12. Nd4 Bg6 13. Bb5+ Kf8 14. O-O Kg8 15.
d6 cxd6 16. e6 Bf6 17. Qb3 Na6 18. Bxa6 bxa6 19. Ne4 Bxd4 20. exf7+ Kf8 21.
Bxd4 Bxe4 22. Rfe1 Qg5 23. Rxe4 Nd7 24. Qe6 Ne5 25. Rxe5 1-0

[Event "17ème open international de Saint-Affriq"]
[Site "Saint Affrique"]
[Date "2009.07.19"]
[Round "2.6"]
[White "Petkov, Vladimir"]
[Black "Divine, Armand"]
[Result "1-0"]
[WhiteElo "2429"]
[BlackElo "2035"]
[PlyCount "67"]
[EventDate "2009.??.??"]

1. Nf3 Nf6 2. c4 g6 3. Nc3 Bg7 4. g3 d6 5. Bg2 O-O 6. O-O Nc6 7. Rb1 a5 8. a3
Bf5 9. d3 e5 10. Bg5 Qd7 11. Nd2 Bh3 12. Bxf6 Bxf6 13. Nd5 Bd8 14. b4 axb4 15.
axb4 Bxg2 16. Kxg2 f5 17. e3 Ne7 18. Qb3 Nxd5 19. cxd5 f4 20. Ne4 f3+ 21. Kh1
Qg4 22. Qc4 Kh8 23. Rg1 h5 24. Ra1 Rxa1 25. Rxa1 g5 26. Rg1 Qd7 27. g4 hxg4 28.
b5 b6 29. Nd2 Qf5 30. Qxg4 Qxd3 31. Ne4 Kg7 32. Qd7+ Kg6 33. Qe6+ Bf6 34. Rxg5+
1-0

[Event "17ème open international de Saint-Affriq"]
[Site "Saint Affrique"]
[Date "2009.07.19"]
[Round "2.7"]
[White "Canonge, Lionel"]
[Black "Bujisho, Benjamin"]
[Result "0-1"]
[WhiteElo "2033"]
[BlackElo "2404"]
[PlyCount "76"]
[EventDate "2009.??.??"]

1. f4 Nf6 2. Nf3 g6 3. b3 Bg7 4. Bb2 O-O 5. e3 c5 6. Be2 d6 7. O-O Nc6 8. d3 e5
9. Ng5 Nd5 10. Qc1 h6 11. Bf3 Nxe3 12. Nxf7 Rxf7 13. Qxe3 exf4 14. Qc1 Nd4 15.
Nc3 Nxf3+ 16. Rxf3 g5 17. Ne4 Bf5 18. Bxg7 Kxg7 19. Qb2+ Kh7 20. Re1 Bxe4 21.
Rxe4 Qd7 22. c4 Re8 23. Rf1 Rxe4 24. dxe4 Qe6 25. Qd2 Rf6 26. Qd3 Qe5 27. Qd5
Qe7 28. e5 dxe5 29. Re1 Re6 30. Qe4+ Kg7 31. Rd1 b6 32. Rd5 Kf6 33. Qd3 e4 34.
Qd1 e3 35. Rd7 Qe8 36. Qa1+ Re5 37. Qd1 e2 38. Rd6+ Ke7 0-1

[Event "17ème open international de Saint-Affriq"]
[Site "Saint Affrique"]
[Date "2009.07.19"]
[Round "2.8"]
[White "David, Vincent"]
[Black "Mania, Clement"]
[Result "1-0"]
[WhiteElo "2399"]
[BlackElo "2020"]
[PlyCount "51"]
[EventDate "2009.??.??"]

1. d4 f5 2. g3 Nf6 3. Bg2 g6 4. b3 Bg7 5. Bb2 O-O 6. Nd2 d6 7. Nh3 Na6 8. O-O
c6 9. c4 Nc7 10. Qc2 Qe8 11. Rad1 h6 12. Rfe1 g5 13. f4 Qh5 14. e3 Ng4 15. Nf3
e5 16. dxe5 dxe5 17. fxe5 Nxe3 18. Rxe3 f4 19. gxf4 gxf4 20. Nxf4 Rxf4 21. Rd8+
Rf8 22. Rxf8+ Bxf8 23. Nd4 Bc5 24. Rg3+ Kh8 25. Qf2 Ne6 26. Qf6+ 1-0

[Event "17ème open international de Saint-Affriq"]
[Site "Saint Affrique"]
[Date "2009.07.19"]
[Round "2.9"]
[White "Bonnet, Philippe"]
[Black "Lagarde, Maxime"]
[Result "0-1"]
[WhiteElo "2007"]
[BlackElo "2352"]
[Annotator ",Joelle"]
[PlyCount "59"]
[EventDate "2009.??.??"]

1. e4 c5 2. c3 d6 3. d4 Nf6 4. dxc5 Nc6 5. f3 d5 6. exd5 Nxd5 7. Bc4 e6 8. Bxd5
exd5 9. Be3 Be6 10. Ne2 Be7 11. O-O O-O 12. Nd2 a6 13. Qa4 Qc7 14. Qf4 Rfc8 15.
Kh1 Ne5 16. b4 Bf6 17. Bd4 Bd7 18. a4 Re8 19. b5 Qd8 20. Nb3 Bg5 21. Qg3 Bh4
22. Qf4 Ng6 23. Qd2 Bf5 24. Ng3 Be6 25. Rad1 Bg5 26. Qc2 Bf4 27. Ne2 Bc7 28. b6
Bb8 29. Bf2 Qg5 30. Bg3 {suite illisible...} 0-1

[Event "17ème open international de Saint-Affriq"]
[Site "Saint Affrique"]
[Date "2009.07.19"]
[Round "2.13"]
[White "Bosc, Sebastien"]
[Black "Mohota, Nisha"]
[Result "0-1"]
[WhiteElo "1987"]
[BlackElo "2315"]
[PlyCount "66"]
[EventDate "2009.??.??"]

1. e4 e5 2. Nf3 Nc6 3. Nc3 Nf6 4. Bb5 Bd6 5. d3 h6 6. h3 O-O 7. O-O Re8 8. Be3
Bf8 9. Ba4 a6 10. a3 d5 11. d4 b5 12. exd5 exd4 13. dxc6 dxc3 14. Bb3 cxb2 15.
Ra2 Be6 16. Qb1 Qd6 17. Bxe6 fxe6 18. Qxb2 e5 19. a4 bxa4 20. Rxa4 Qxc6 21.
Rfa1 Bd6 22. Qb3+ Kh7 23. Qc4 Qxc4 24. Rxc4 Reb8 25. Kf1 Rb4 26. Rc6 a5 27. Bd2
Rb5 28. Rc4 c5 29. Rca4 Bc7 30. c4 Rb7 31. Ke2 Rb2 32. Kd1 e4 33. Ne1 Rd8 0-1

[Event "17ème open international de Saint-Affriq"]
[Site "Saint Affrique"]
[Date "2009.07.19"]
[Round "2.14"]
[White "Collas, Silvia"]
[Black "Haussernot, Cecile"]
[Result "1-0"]
[WhiteElo "2315"]
[BlackElo "1995"]
[PlyCount "91"]
[EventDate "2009.??.??"]

1. Nf3 Nf6 2. c4 c5 3. Nc3 Nc6 4. d4 cxd4 5. Nxd4 e5 6. Nc2 Be7 7. g3 O-O 8.
Bg2 d6 9. O-O Be6 10. Ne3 Qd7 11. b3 Bh3 12. Bb2 Bxg2 13. Kxg2 Ng4 14. Ned5 f5
15. f3 Nf6 16. Qd2 h6 17. Rad1 Rad8 18. Nxf6+ Rxf6 19. Nd5 Rg6 20. b4 f4 21. b5
Nb8 22. Bxe5 fxg3 23. hxg3 Bg5 24. Qd3 Qf7 25. f4 Bh4 26. Kh1 Bf6 27. c5 Nd7
28. c6 bxc6 29. bxc6 Nc5 30. Qf5 Ne6 31. e3 Re8 32. Rb1 Nc5 33. c7 Nd7 34. Rfc1
Rc8 35. Rb7 Qe8 36. Rxa7 h5 37. Rc4 Rh6 38. Re4 Qg6 39. Qxg6 Rxg6 40. f5 Rg4
41. Rxg4 hxg4 42. Bxd6 Kf7 43. a4 g6 44. a5 gxf5 45. Nb6 Nxb6 46. axb6 1-0

[Event "17ème open international de Saint-Affriq"]
[Site "Saint Affrique"]
[Date "2009.07.19"]
[Round "2.15"]
[White "Domenech, Vianney"]
[Black "Bissieres, Matthieu"]
[Result "0-1"]
[WhiteElo "1984"]
[BlackElo "2300"]
[PlyCount "72"]
[EventDate "2009.??.??"]

1. d4 Nf6 2. Bf4 g6 3. e3 Bg7 4. Nf3 d6 5. Be2 O-O 6. O-O Nbd7 7. c4 Nh5 8. Bg5
h6 9. Bh4 g5 10. Nfd2 gxh4 11. Bxh5 e5 12. d5 Nc5 13. Nb3 Ne4 14. Nc3 Nxc3 15.
bxc3 a5 16. a4 b6 17. Qd3 Qg5 18. Qe2 Qe7 19. Qc2 f5 20. Kh1 Bd7 21. f4 Bh8 22.
Rf3 exf4 23. exf4 Bxa4 24. Rf2 Qe3 25. Rf3 Qe4 26. Qa2 Be8 27. Nd2 Qe2 28. Bxe8
Raxe8 29. Nf1 Qxa2 30. Rxa2 Re1 31. Kg1 Rfe8 32. Kf2 Rc1 33. Ne3 Bxc3 34. Nxf5
Be1+ 35. Kg1 Bg3+ 36. Rf1 Rxf1+ 0-1

[Event "17ème open international de Saint-Affriq"]
[Site "Saint Affrique"]
[Date "2009.07.20"]
[Round "3.1"]
[White "Degraeve, Jean-Marc"]
[Black "Villegas, Pierre"]
[Result "1-0"]
[WhiteElo "2559"]
[BlackElo "2202"]
[PlyCount "81"]
[EventDate "2009.??.??"]

1. e4 c6 2. d4 d5 3. exd5 cxd5 4. c4 Nf6 5. Nc3 Nc6 6. Nf3 Bg4 7. cxd5 Nxd5 8.
Bb5 Rc8 9. O-O e6 10. h3 Bxf3 11. Qxf3 a6 12. Ba4 b5 13. Nxd5 Qxd5 14. Qxd5
exd5 15. Bb3 Nxd4 16. Bxd5 Ne2+ 17. Kh1 Nxc1 18. Bb7 Rb8 19. Bc6+ Ke7 20. Raxc1
Kf6 21. Bf3 Rb6 22. Rc8 g6 23. Rd1 Bg7 24. Rc7 Re8 25. Rdd7 Kg5 26. g3 Be5 27.
Ra7 Rf6 28. Rxf7 Rxf7 29. Rxf7 Bxb2 30. Rxh7 Bd4 31. Kg2 b4 32. Rf7 Kh6 33. h4
g5 34. Rd7 Be5 35. Be4 gxh4 36. Rh7+ Kg5 37. Rxh4 Bc3 38. f4+ Kf6 39. Kf3 Be1
40. Rh1 Bc3 41. Rh6+ 1-0

[Event "17ème open international de Saint-Affriq"]
[Site "Saint Affrique"]
[Date "2009.07.20"]
[Round "3.2"]
[White "Bressac, Stephane"]
[Black "Riff, Jean-Noel"]
[Result "0-1"]
[WhiteElo "2184"]
[BlackElo "2505"]
[PlyCount "76"]
[EventDate "2009.??.??"]

1. e4 c5 2. Nf3 d6 3. d4 Nf6 4. Nc3 cxd4 5. Nxd4 e6 6. Be2 Be7 7. O-O O-O 8.
Be3 Nc6 9. f4 Qc7 10. Kh1 Nxd4 11. Bxd4 e5 12. Be3 b6 13. Nd5 Nxd5 14. exd5 Bf6
15. Bd3 e4 16. Bxe4 Bxb2 17. Rb1 Bc3 18. Rb3 f5 19. Qd3 Ba5 20. Bf3 Bd7 21. Bd4
Ba4 22. Rb2 Rac8 23. c3 Bxc3 24. Rc1 Bxd4 25. Rxc7 Rxc7 26. Rd2 Rc1+ 27. Rd1
Bxd1 28. Qd2 Be3 29. Qxe3 Rfc8 30. Qe6+ Kh8 31. h3 Bxf3+ 32. Kh2 Be4 33. Qxd6
R1c2 34. Kg3 Rxg2+ 35. Kh4 h6 36. Qd7 Rc1 37. d6 Rh1 38. Qe8+ Kh7 0-1

[Event "17ème open international de Saint-Affriq"]
[Site "Saint Affrique"]
[Date "2009.07.20"]
[Round "3.3"]
[White "Guennoun, Anthony"]
[Black "Karpatchev, Aleksandr"]
[Result "0-1"]
[WhiteElo "2151"]
[BlackElo "2491"]
[PlyCount "64"]
[EventDate "2009.??.??"]

1. c4 e5 2. Nc3 Nf6 3. g3 c6 4. d4 exd4 5. Qxd4 Na6 6. Bg5 Be7 7. Bg2 Nc7 8.
Qd2 O-O 9. Nh3 Ne6 10. Bxf6 Bxf6 11. O-O d6 12. Rfd1 Be7 13. f4 a5 14. b3 Qb6+
15. Kh1 Nc5 16. e4 Bxh3 17. Bxh3 Bf6 18. Bg2 Rfe8 19. Rac1 Qb4 20. Qxd6 Rad8
21. a3 Qxa3 22. Qc7 Ne6 23. Qxb7 Bxc3 24. e5 Bb4 25. Bxc6 Rf8 26. Ba4 Rd2 27.
Qf3 Rfd8 28. Rf1 Qb2 29. Qh5 g6 30. Qh3 Re2 31. Rcd1 Rxd1 32. Rxd1 Qc2 0-1

[Event "17ème open international de Saint-Affriq"]
[Site "Saint Affrique"]
[Date "2009.07.20"]
[Round "3.6"]
[White "Bujisho, Benjamin"]
[Black "Delorme, Laurie"]
[Result "1/2-1/2"]
[WhiteElo "2404"]
[BlackElo "2152"]
[PlyCount "23"]
[EventDate "2009.??.??"]

1. d4 d5 2. Nf3 Nf6 3. e3 e6 4. c4 c6 5. Nbd2 Be7 6. Bd3 O-O 7. O-O c5 8. a3
Nc6 9. dxc5 a5 10. e4 Ng4 11. Qc2 d4 12. h3 1/2-1/2

[Event "17ème open international de Saint-Affriq"]
[Site "Saint Affrique"]
[Date "2009.07.20"]
[Round "3.7"]
[White "Gozzoli, Cyrille"]
[Black "David, Vincent"]
[Result "0-1"]
[WhiteElo "2125"]
[BlackElo "2399"]
[PlyCount "130"]
[EventDate "2009.??.??"]

1. d4 e6 2. Nf3 Nf6 3. Bg5 c5 4. c3 b6 5. e3 Bb7 6. Bd3 Be7 7. O-O h6 8. Bh4 d6
9. a4 a6 10. Na3 Nbd7 11. Qe2 cxd4 12. exd4 O-O 13. Nd2 Re8 14. f4 e5 15. Bg3
exd4 16. cxd4 Bf8 17. Qd1 Nd5 18. Nc2 N7f6 19. Ra3 Qd7 20. h3 Rac8 21. Nc4 Ne4
22. Be1 Rc7 23. N4e3 Nef6 24. Bd2 Kh8 25. Rf2 Ne4 26. Bxe4 Rxe4 27. Nxd5 Bxd5
28. Bc3 a5 29. Ra1 f5 30. Ne1 Qe8 31. Nf3 Rxf4 32. Qd2 Re4 33. Ne1 g6 34. Nd3
Bg7 35. Nf4 Bf7 36. d5 Kh7 37. Bxg7 Kxg7 38. Raf1 Qxa4 39. Ne6+ Bxe6 40. dxe6
Qd4 41. Qxd4+ Rxd4 42. g4 Re4 43. gxf5 gxf5 44. Rxf5 Rxe6 45. Rb5 Rc6 46. Rd1
Re5 47. Rb3 Kf6 48. Rf3+ Ke6 49. Rf8 h5 50. Re8+ Kf7 51. Rd8 Ke7 52. Rb8 b5 53.
Rb7+ Ke6 54. Rb8 b4 55. Re8+ Kf6 56. Rf1+ Kg7 57. Ref8 Rc7 58. R8f6 Re1 59.
Rxd6 Rxf1+ 60. Kxf1 Rc1+ 61. Ke2 Rc2+ 62. Kd1 Rxb2 63. Rd5 a4 64. Rxh5 a3 65.
Ra5 a2 0-1